000 00545nam a2200181Ia 4500
008 100920s9999 xx 000 0 und d
082 _b58235
_a330 थ 89
100 _aLall G.S.
245 _aPractice and Law of BANKING - II.
260 _bH.P.J. Kapoor , New Delhi.
_c1989
300 _a511
_bसाधी
365 _b90
520 _aअर्थशास्त्र.
630 _aPractice and Law of BANKING - II.
650 _aअर्थशास्त्र.
730 _aPractice and Law of BANKING - II.
942 _cBOOK
999 _c701954
_d701951